000 00720cam7a220024100 4500
001 tmp15830237
003 UPRA
005 20190822094541.0
008 951106s1963 ii eng u
035 _a(Sirsi) r93186
035 _a(UPRA)tmp15830237
040 _cUPRA
100 1 _aMehta, Asoka.
_6A51976.1
245 1 0 _aDemocratic socialism /
_cforeword by Jayaprakash Narayan.
250 _a[Rev. 4th ed.].
260 _aBombay :
_bBharatiya Vidya Bhavan,
_c1963.
440 0 _aBhavan's book university ;
_v63
_6S2337.1
504 _aBibliography: p. [178]-181.
650 0 _aSocialism (Works published 1939)
_6S40691.1
949 _aHX59
_wlcc
_mMAIN
_tBOOK
_lON-SHELF
004 93186
987 _aWITHDRAWN.
999 _c128409
_d128409